ՀՀ Գիտությունների ազգային ակադեմիայի հիմնարար գիտական գրադարան  =   Fundamental Scientific Library of NAS RA

Ակնարկներ արտասահմանյան գրականության պատմության : (Record no. 528325)

MARC details
000 -LEADER
fixed length control field 01149nam a2200241 a 4500
001 - CONTROL NUMBER
control field 1184934
003 - CONTROL NUMBER IDENTIFIER
control field AM-YeHGA
005 - DATE AND TIME OF LATEST TRANSACTION
control field 20250618080123.0
008 - FIXED-LENGTH DATA ELEMENTS--GENERAL INFORMATION
fixed length control field 161207s2016 ai ||||gr|||||||||0|arm|d
020 ## - INTERNATIONAL STANDARD BOOK NUMBER
International Standard Book Number 9789939518787
040 ## - CATALOGING SOURCE
Original cataloging agency AM-YeHGA
041 0# - LANGUAGE CODE
Language code of text/sound track or separate title arm
090 ## - LOCALLY ASSIGNED LC-TYPE CALL NUMBER (OCLC); LOCAL CALL NUMBER (RLIN)
-- 566524
100 1# - MAIN ENTRY--PERSONAL NAME
Personal name Սեդրակյան, Անուշ
245 10 - TITLE STATEMENT
Title Ակնարկներ արտասահմանյան գրականության պատմության :
Remainder of title (Վերածնունդ, լուսավորականություն, մոդեռնիզմ, պոստմոդեռնիզմ) /
Statement of responsibility, etc. Ա. Սեդրակյան ; Խմբագիր՝ Ա. Նիկողոսյան ; Սրբագրիչ՝ Լ. Չոբանյան.
260 ## - PUBLICATION, DISTRIBUTION, ETC.
Place of publication, distribution, etc. Երևան :
Name of publisher, distributor, etc. Անտարես,
Date of publication, distribution, etc. 2016.
300 ## - PHYSICAL DESCRIPTION
Extent 184 էջ ;
Dimensions 20 սմ.
504 ## - BIBLIOGRAPHY, ETC. NOTE
Bibliography, etc. note Տողատակում՝ ծանոթագրություններ:
650 10 - SUBJECT ADDED ENTRY--TOPICAL TERM
Topical term or geographic name entry element Համաշխարհային գրականություն
General subdivision Պատմություն և քննադատություն
700 1# - ADDED ENTRY--PERSONAL NAME
Personal name Նիկողոսյան, Արքմենիկ Հրայրի,
Dates associated with a name 1979-
Relator term խմբագիր
Relationship edt
9 (RLIN) 4117
700 1# - ADDED ENTRY--PERSONAL NAME
Personal name Չոբանյան, Լիանա
Relator term սրբագրիչ
Relationship crr
942 ## - ADDED ENTRY ELEMENTS (KOHA)
Source of classification or shelving scheme Universal Decimal Classification
Koha item type Գրքեր / Books
Holdings
Withdrawn status Lost status Source of classification or shelving scheme Damaged status Not for loan Collection Home library Current library Date acquired Total checkouts Full call number Barcode Date last seen Price effective from Koha item type Public note
    Universal Decimal Classification     General Fundamental Scientific Library Fundamental Scientific Library 16/08/2023   AII/110629 FL0672715 16/08/2023 16/08/2023 Գրքեր / Books 30 Days Loan


ՀՀ ԳԱԱ հիմնարար գիտական գրադարան
ՀՀ,Երևան 0019
Մարշալ Բաղրամյան 24/6
հեռախոս:(374-10) 52-47-50
Հետադարձ կապ

All site content, except where otherwise noted, is licensed under a
Creative Commons License